000 00616nam a2200241Ia 4500
008 160901s9999 xx 000 0 und d
020 _a0-321-13629-2
050 _aComSc T 385
050 _b.S39 2003
100 _aSchwartz, Steve.
245 _aCorelDraw 11 for Windows /
245 _cSteve Schwartz, Phyllis Davis.
260 _aBerkeley, Calif. : 
260 _bPeachpit Press.,
260 _c2003
300 _a252 pages :
300 _bill. ;
300 _c23 cm.
440 _aVisual quickstart guide
500 _aIncludes index.
650 _aCorelDraw.
650 _xComputer graphics.
999 _c300856
_d300856